| 000 | 01255cam a2200325 a 4500 | ||
|---|---|---|---|
| 001 | 4522008 | ||
| 003 | ARRUPE | ||
| 005 | 20160926113903.0 | ||
| 008 | 010702s2000 sz b b 001 0 eng d | ||
| 020 | _a385824080X (pbk.) | ||
| 035 | _a(OCoLC)45215864 | ||
| 035 | _a(OCoLC)ocm45215864 | ||
| 035 | _a(NNC)4522008 | ||
| 040 |
_aNNUT _cNNUT |
||
| 043 | _af-nr--- | ||
| 050 | _aBX1682.N5E53 2000 | ||
| 100 | 1 |
_aEnang, Kenneth. _926146 |
|
| 245 | 1 | 0 |
_aNigerian Catholics and the independent churches : _ba call to authentic faith / _cKenneth Enang |
| 260 |
_aImmensee, Switzerland : _bNeue Zeitschrift für Missionswissenschaft, _c2000 |
||
| 300 |
_a239 p. : _bmap ; _c23 cm |
||
| 490 | 1 |
_aNeue Zeitschrift für Missionswissenschaft = _aNouvelle revue de science missionnaire. Supplementa ; _vvol. 45 |
|
| 504 | _aIncludes bibliographical references (p. 221-231) and index | ||
| 610 | 2 | 0 |
_aCatholic Church in Nigeria _926147 |
| 610 | 2 | 0 |
_aCatholic Church _zNigeria. _xRelations _926148 |
| 650 | 0 |
_aIndependent churches _xRelations _zNigeria _926149 |
|
| 650 | 0 |
_aPentecostal churches _xRelations _zNigeria _926150 |
|
| 830 | 0 |
_aNeue Zeitschrift für Missionswissenschaft. _pSupplementa ; _vv. 45. _926151 |
|
| 942 |
_2lcc _cMONOGRAPH |
||
| 999 |
_c125333 _d125333 |
||